| 000 | 00000nas 2200000za 4500 |
| 001 | 9.507305 |
| 003 | CaOODSP |
| 005 | 20200325094454 |
| 007 | cr ||||||||||| |
| 008 | 150406d19981999oncar p o f0 a0eng|d |
| 022 | |a1497-3227 |
| 040 | |aCaOODSP|beng |
| 043 | |an-cn--- |
| 086 | 1 |aCC172-11E-PDF |
| 110 | 1 |aCanada.|bAtomic Energy Control Board. |
| 245 | 10|aAECB staff annual report for ... on the Canadian nuclear power industry |h[electronic resource]. |
| 246 | 3 |aAtomic Energy Control Board staff annual report for ... on the Canadian nuclear power industry |
| 260 | |aOttawa : |bAtomic Energy Control Board, |c1999-2000. |
| 310 | |aAnnual |
| 362 | 0 |a1998-1999. |
| 775 | 08|tRapport annuel ... des agents de la CCEA sur les centrales nucléaires au Canada |w(CaOODSP)9.503694 |
| 785 | 00|tCNSC staff annual report for ... on the Canadian nuclear power industry |w(CaOODSP)9.507634 |